Survivor 42 Contestants - Statistics

General Stats
  • This quiz has been taken 109 times
  • The average score is 16 of 18
Answer Stats
Answer Original Tribe Finish % Correct
Marya Sherron Taku 2nd OutDay 5
97%
Maryanne Oketch Taku Sole SurvivorDay 26
95%
Mike Turner Vati Runner-UpDay 26
95%
Romeo Escobar Ika 2nd Runner-Up
Day 26
93%
Hai Giang Vati 10th Out4th Jury Day 19
91%
Jonathan Young Taku Eliminated8th Jury Day 25
91%
Drea Wheeler Ika 11th Out5th Jury Day 21
90%
Lindsay Dolashewich Taku 13th Out 7th Jury Day 24
90%
Omar Zaheer Taku 12th Out6th Jury Day 23
90%
Rocksroy Bailey Ika 8th Out2nd Jury Day 17
88%
Lydia Meredith Vati 6th outDay 14
86%
Tori Meehan Ika 9th Out3rd Jury Day 17
86%
Zach Wurtenberger Ika 1st Out Day 3
86%
Chanelle Howell Vati 7th Out1st Jury Day 16
84%
Daniel Strunk Vati 5th OutDay 11
84%
Jackson Fox Taku Evacuated Day 3
84%
Jenny Kim Vati 3rd OutDay 7
81%
Swati Goel Ika 4th OutDay 9
76%
No matching quizzes found
Score Distribution
Percent of People with Each Score
Percentile by Number Answered
Your Score History
You have not taken this quiz